Statistiques concernant Les Marc ou les Marcel du plan de Paris

Cliquez ici pour prendre le quiz!

Statistiques générales

  • Ce quiz a été pris 25 fois
  • Le résultat moyen est 11 sur 22

Statistiques - réponses

HintRéponse% Correct
ChagallMarc
95%
ProustMarcel
91%
CerdanMarcel
82%
AyméMarcel
77%
SembatMarcel
64%
CarnéMarcel
59%
AchardMarcel
55%
MoreauMarcel
55%
DuchampMarcel
50%
SangnierMarc
45%
DoretMarcel
45%
LandowskiMarcel
45%
PaulMarcel
45%
RenaultMarcel
41%
BlochMarc
36%
SéguinMarc
36%
GromaireMarcel
36%
LodsMarcel
36%
JambenoireMarcel
32%
RajmanMarcel
32%
ToussaintMarcel
27%
DuboisMarcel
18%

Distribution des résultats

Percentile par nombre de réponses

% des personnes avec chaque résultat

Votre développement - résultats

Vous n’avez pas pris ce quiz